| 000 | 01303nam a2200409 i 4500 | ||
|---|---|---|---|
| 001 | 14611 | ||
| 003 | KOSZ 005 | ||
| 005 | 20230126145730.0 | ||
| 008 | 070608s1972 pl f 000 0 pol | ||
| 015 | _aPB 1972/5027 | ||
| 035 | _a991035709769705066 | ||
| 035 | _a(PL-WaBN)b19603101-48omnis_nlop | ||
| 035 | _ab19603101 | ||
| 035 | _a(OCoLC)749396794 | ||
| 035 | _a(PL)b0000001960310 | ||
| 035 | _a(EXLNZ-48OMNIS_NETWORK)9910078511605606 | ||
| 040 |
_aWA N _cWA N _dKOSZ 005/KK |
||
| 080 | _a331.82 | ||
| 080 | _a159.9 | ||
| 100 | 1 |
_aOkóń, Jan _eAutor |
|
| 245 | 1 | 0 |
_aPsychologia bezpieczeństwa pracy / _cJan Okóń. |
| 260 |
_aWarszawa : _bInstytut Wydawniczy Centralnej Rady Związków Zawodowych, _c1972. |
||
| 300 |
_a83, [5] stron ; _c23 cm. |
||
| 336 |
_2rdacontent _aTekst _btxt |
||
| 337 |
_2rdamedia _aBez urządzenia pośredniczącego _bn |
||
| 338 |
_2rdacarrier _aWolumin _bnc |
||
| 380 | _aKsiążki | ||
| 388 | _a1901-2000 | ||
| 504 | _aBibliografia na stronie [86]. | ||
| 650 | 7 | _aPsychologia | |
| 658 | _aPsychologia | ||
| 658 | _aBezpieczeństwo i wojskowość | ||
| 650 | 7 |
_aBHP _2DBN |
|
| 856 |
_uhttp://koha.tu.koszalin.pl/cgi-bin/koha/opac-detail.pl?biblionumber=14611 _yKatalog online BPK |
||
| 942 |
_2UKD _cKS |
||
| 999 |
_c14611 _d14611 |
||